000 01167nam a2200289 c 4500
003 BLK
005 20210918114830.0
008 180411b bul|||||r ||||||| ||bul||
010 _aKNG00193308000
040 _aBLK
041 _aBUL
_cBUL
080 _a?Швейцарска литература
_b830(494)
_x-31
_z830(494)-31
100 1 _aДюренмат, Фридрих
_eпърви автор
_966272
700 1 _aАндреев, Александър
_eпрев. от нем.
_gАндреев, Василий Дмитриевич
_9371187
139 _aДюренмат, Фридрих
_bД 98
245 1 0 _aПравосъдие
_bРоман
_cФридрих Дюренмат; прев. от нем. Александър Андреев.
257 _aSWI
260 Пловдив
_bХристо Г. Данов
_c1989
_fХасково : Ат. Стратиев
300 _a191 с.
_c20 см
380 _aX
500 _aОриг. загл. Justiz / Fridrich Durrenmatt. - Без тир.
852 _aЦб 157522
856 4 _qpdf
_u
856 4 _qpdf
_u
942 _cKNG
_n0
_02
944 _aCR
_c17.10.2016
_kКети_Илиева
944 _aED
_c26.03.2018
_kПенка_Димитрова
999 _c184355
_d184355